Fantasy, science fiction, science materials : papers presented at the course offered by the School of Librarianship through the Division of Postgraduate Extension Studies, University of New South Wales, 16th-19th May, 1972 /

Bibliographic Details
Corporate Author: University of New South Wales. School of Librarianship
Other Authors: Trask, Margaret
Format: Book
Language:English
Published: Kensington, N.S.W. : University of New South Wales, School of Librarianship, 1972.
Subjects:

MARC

Tag First Indicator Second Indicator Subfields
LEADER 00000cam a2200000 a 4500
001 in00000069523
005 20151008054458.0
008 740421s1972 at b 00000 engm
010 |a  74161628  
015 |a Aus 
020 |a 0858230313  |c $5.00 
035 |a (OCoLC)00901348 
035 |9 AAJ0786AM 
040 |a DLC  |c DLC  |d m.c.  |d TXA  |d UtOrBLW 
049 |a TXAS  |c [1422206] 
050 0 0 |a PN3448.S45  |b F3 
082 0 |a 823/.0876 
245 0 0 |a Fantasy, science fiction, science materials :  |b papers presented at the course offered by the School of Librarianship through the Division of Postgraduate Extension Studies, University of New South Wales, 16th-19th May, 1972 /  |c edited by Margaret Trask. 
264 1 |a Kensington, N.S.W. :  |b University of New South Wales, School of Librarianship,  |c 1972. 
300 |a 204 pages ;  |c 26 cm. 
336 |a text  |b txt  |2 rdacontent 
337 |a unmediated  |b n  |2 rdamedia 
338 |a volume  |b nc  |2 rdacarrier 
504 |a Includes bibliographical references. 
650 0 |a Science fiction. 
650 0 |a Fantasy fiction. 
650 0 |a Children's literature. 
700 1 |a Trask, Margaret. 
710 2 |a University of New South Wales.  |b School of Librarianship. 
999 |a MARS 
999 f f |s c6cc8abf-a8c2-3ef9-abe7-8f7a221bfb4e  |i f9eb2bde-6d2b-3ec7-abd5-0ce4804622d1  |t 0 
952 f f |p noncirc  |a Texas A&M University  |b College Station  |c Cushing Memorial Library & Archives  |d Cushing: Science Fiction (Does not check out)  |t 0  |e PN3448.S45 F3  |h Library of Congress classification  |i unmediated -- volume  |m A14806066831 
998 f f |a PN3448.S45 F3  |t 0  |l Cushing: Science Fiction (Does not check out)